Shoot apex and leaf growth. (Record no. 24572)

MARC details
000 -LEADER
fixed length control field 00344nam a2200133Ia 4500
082 ## - DEWEY DECIMAL CLASSIFICATION NUMBER
Classification number 581.44
Item number WIL
100 ## - MAIN ENTRY--AUTHOR NAME
Personal name WILLIAMS, R F
245 #0 - TITLE STATEMENT
Title Shoot apex and leaf growth.
260 ## - PUBLICATION, DISTRIBUTION, ETC. (IMPRINT)
Place of publication London
Name of publisher Cambridge University
Year of publication 1975
650 ## - SUBJECT ADDED ENTRY--TOPICAL TERM
Topical Term Leaf growth
650 ## - SUBJECT ADDED ENTRY--TOPICAL TERM
Topical Term Shoot apical system
942 ## - ADDED ENTRY ELEMENTS (KOHA)
Koha item type Books
Holdings
Withdrawn status Lost status Damaged status Not for loan Home library Current library Date acquired Full call number Accession Number Koha item type
        RRII Library RRII Library 16/12/2021 581.44 WIL 05251 Books